[Event "ICS rated blitz match"]
[Site "204.178.125.65"]
[Date "1999.12.02"]
[Round "?"]
[White "Hossa"]
[Black "jorgenio"]
[Result "0-1"]
[WhiteElo "2483"]
[BlackElo "2100"]
[PlyCount "64"]
[EventDate "1999.??.??"]

1. e4 c5 2. Nf3 d6 3. Bb5+ Bd7 4. Bxd7+ Nxd7 5. O-O Ngf6 6. Re1 g6 7. Nc3 Bg7
8. d3 O-O 9. Bg5 h6 10. Be3 a6 11. Nd5 Nxd5 12. exd5 Nf6 13. c4 b5 14. Qd2 Kh7
15. Bf4 Rb8 16. Rab1 Nh5 17. Be3 b4 18. d4 cxd4 19. Nxd4 Qd7 20. Nc6 Rb7 21.
Qc2 e6 22. Bd2 e5 23. Bxb4 f5 24. Qa4 f4 25. Qxa6 f3 26. gxf3 Rxf3 27. Bxd6
Qg4+ 28. Kf1 Nf4 29. Re4 Qg2+ 30. Ke1 Qxf2+ 31. Kd1 Rd3+ 32. Kc1 32... Qd2# {
Hossa checkmated} 0-1

[Event "ICS rated blitz match"]
[Site "204.178.125.65"]
[Date "1999.12.02"]
[Round "?"]
[White "PowerMan"]
[Black "Hossa"]
[Result "0-1"]
[WhiteElo "2089"]
[BlackElo "2454"]
[PlyCount "84"]
[EventDate "1999.??.??"]

1. g3 e5 2. c4 Nf6 3. Bg2 Nc6 4. Nc3 Bc5 5. a3 d6 6. b4 Bb6 7. e3 Be6 8. d3 O-O
9. Na4 Qd7 10. h3 Rfd8 11. Ne2 e4 12. dxe4 Bxc4 13. O-O d5 14. exd5 Bxd5 15.
Bb2 Bxg2 16. Qxd7 Rxd7 17. Kxg2 Rd2 18. Rfe1 Ne4 19. Nxb6 axb6 20. Bc3 Rxe2 21.
Rxe2 Nxc3 22. Rc2 Nb5 23. Rca2 Ra4 24. f4 h5 25. Kf3 Kh7 26. g4 h4 27. g5 Kg8
28. Kg4 Nc3 29. Rd2 Nxb4 30. Kxh4 Nbd5 31. Rd3 c6 32. Kg4 Kf8 33. h4 b5 34. h5
b6 35. h6 Kg8 36. Rh1 Kh7 37. hxg7+ Kxg7 38. e4 Nxe4 39. Kf5 Ne7+ 40. Ke5 Ng6+
41. Kf5 Nf2 42. Rdh3 42... Rxf4# {PowerMan checkmated} 0-1

[Event "ICS rated blitz match"]
[Site "204.178.125.65"]
[Date "1999.12.02"]
[Round "?"]
[White "Hossa"]
[Black "PowerMan"]
[Result "1-0"]
[WhiteElo "2457"]
[BlackElo "2086"]
[PlyCount "35"]
[EventDate "1999.??.??"]

1. e4 d6 2. d4 Nf6 3. Nc3 g6 4. f4 Bg7 5. Nf3 O-O 6. Be2 c5 7. dxc5 dxc5 8. Bd2
Nc6 9. e5 Nd5 10. O-O Bg4 11. Nxd5 Qxd5 12. Be3 Qxd1 13. Raxd1 b6 14. Rd2 Rfd8
15. Rfd1 Kf8 16. h3 Bxf3 17. Bxf3 Rxd2 18. Rxd2 {PowerMan resigns} 1-0

[Event "ICS rated blitz match"]
[Site "204.178.125.65"]
[Date "1999.12.02"]
[Round "?"]
[White "ComputoJon"]
[Black "Hossa"]
[Result "0-1"]
[WhiteElo "2268"]
[BlackElo "2460"]
[PlyCount "102"]
[EventDate "1999.??.??"]

1. e4 e5 2. Nf3 Nc6 3. d4 exd4 4. Nxd4 Bc5 5. Nxc6 bxc6 6. Nc3 Nf6 7. Bd3 O-O
8. O-O Re8 9. Na4 Bd6 10. Nc3 Be5 11. Ne2 d5 12. exd5 cxd5 13. Bf4 Bxb2 14. Rb1
Be5 15. Bxe5 Rxe5 16. Ng3 Qe7 17. Qd2 c5 18. c4 d4 19. Rfe1 a5 20. Rxe5 Qxe5
21. Re1 Qd6 22. Qg5 Be6 23. Nf5 Bxf5 24. Bxf5 Re8 25. Rxe8+ Nxe8 26. Bd3 Nf6
27. g3 Qc7 28. Qc1 g6 29. Qb2 Kg7 30. Qb5 Ng4 31. Be4 h6 32. Qe8 Nf6 33. Qc6
Qxc6 34. Bxc6 Ng4 35. h3 Ne5 36. Bd5 h5 37. Kf1 Nd3 38. Ke2 Nc1+ 39. Kd2 Nxa2
40. Be4 Nc3 41. Bc6 a4 42. Kc2 a3 43. Bd7 a2 44. Kb2 d3 45. Bc6 d2 46. Bf3
d1=N+ 47. Bxd1 Nxd1+ 48. Kxa2 Nxf2 49. Ka3 Kf6 50. Ka4 Ke5 51. Kb5 51... Kd4 {
ComputoJon resigns} 0-1

[Event "ICS rated blitz match"]
[Site "204.178.125.65"]
[Date "1999.12.02"]
[Round "?"]
[White "Zippy"]
[Black "Hossa"]
[Result "0-1"]
[WhiteElo "2365"]
[BlackElo "2468"]
[PlyCount "88"]
[EventDate "1999.??.??"]

1. e4 e5 2. Nf3 Nc6 3. Bb5 a6 4. Ba4 Nf6 5. Nc3 Bb4 6. Nd5 Ba5 7. Nxf6+ Qxf6 8.
O-O O-O 9. d3 d6 10. Bg5 Qg6 11. Bxc6 bxc6 12. c3 f5 13. Be7 Rf7 14. Qb3 fxe4
15. Ng5 exd3 16. Rad1 d5 17. Qa3 Bb6 18. Nxf7 Kxf7 19. Kh1 Kg8 20. b4 e4 21.
Rd2 Qf5 22. Rdd1 Rb8 23. Qb2 Qf7 24. Bg5 Qg6 25. Bf4 Bg4 26. Rde1 Qf6 27. Be3
Be2 28. Rg1 Bxe3 29. fxe3 Qf2 30. Qd2 Rf8 31. c4 Kh8 32. Qc1 d4 33. exd4 Qxd4
34. Qb1 Rf2 35. Qb3 d2 36. Rd1 Bxd1 37. Rxd1 e3 38. Qb1 e2 39. Rg1 d1=Q 40. h3
Rf1 41. Qxh7+ Kxh7 42. Rxf1 exf1=Q+ 43. Kh2 Qdg1+ 44. Kg3 44... Qff2# {
Zippy checkmated} 0-1

[Event "ICS rated blitz match"]
[Site "204.178.125.65"]
[Date "1999.12.02"]
[Round "?"]
[White "Hossa"]
[Black "ural"]
[Result "1-0"]
[WhiteElo "2479"]
[BlackElo "2130"]
[PlyCount "47"]
[EventDate "1999.??.??"]

1. e4 d5 2. exd5 Qxd5 3. Nc3 Qa5 4. d4 Nf6 5. Nf3 Nc6 6. Bd2 Bg4 7. Bb5 O-O-O
8. Bxc6 bxc6 9. h3 Qh5 10. Qe2 Bxf3 11. gxf3 Kb7 12. Be3 e6 13. O-O-O Qa5 14.
Kb1 Qa6 15. Rd3 Be7 16. Rg1 g6 17. Bg5 Ka8 18. Qe5 Nd7 19. Qxc7 Bxg5 20. Rxg5
Qb7 21. Qf4 Nb6 22. Ne4 Nd5 23. Qd2 Qb4 24. Rxd5 {ural resigns} 1-0

[Event "ICS rated blitz match"]
[Site "204.178.125.65"]
[Date "1999.12.02"]
[Round "?"]
[White "ural"]
[Black "Hossa"]
[Result "0-1"]
[WhiteElo "2126"]
[BlackElo "2483"]
[Annotator "regina"]
[PlyCount "84"]
[EventDate "1999.??.??"]

1. e4 e5 2. f4 exf4 3. Bc4 Qh4+ 4. Kf1 Ne7 ({RR} 4... Nf6 5. Nf3 Qh5 6. Nc3 c6
7. Qe2 Bb4 8. e5 Ng4 9. Ne4 O-O 10. c3 Be7 11. d4 Kh8 12. Bxf4 Na6 13. Re1 Nh6
14. h3 Nc7 15. Bd3 Ne6 16. Ng3 Nxf4 17. Qd2 Nxd3 18. Nxh5 Nxe1 19. Kxe1 {
Westerinen,H-Hebden,M/London NWYM 1988/CBM 09/1-0 (36)}) ({RR} 4... Nc6 5. Nf3
Qh5 6. d4 g5 7. Nc3 d6 8. Nd5 Kd8 9. h4 Bg4 10. c3 f6 11. Kf2 Qe8 12. Qa4 Bxf3
13. gxf3 Bg7 14. Bb5 Nge7 15. Nb4 Qf7 16. Nxc6+ bxc6 17. Bc4 d5 18. Bd3 Qe6 19.
Bd2 {Foerster,S-Karassek,J/OLO-B 1995/GER 11/1-0 (58)}) 5. Nf3 Qh5 6. d4 $146 (
{RR} 6. Nc3 6... d6 7. d4 g5 8. e5 d5 9. Bxd5 Bh6 10. Bc4 Bf5 11. Qe2 g4 12.
Nd2 Nbc6 13. d5 Nxe5 14. Bb5+ Kf8 15. Nc4 Nxc4 16. Qxc4 a6 17. Qa4 17... Rd8 {
0-1 Volzhin,A-Varavin,V/URS-sf Voronez 1991/EXP 22 (17)}) 6... g5 7. h4 f6 8.
Nc3 c6 9. Kg1 g4 10. Ne1 Ng6 11. Nd3 f3 12. Nf4 Nxf4 13. Bxf4 fxg2 14. Kxg2 Bb4
15. Qd3 Na6 16. Ne2 Bf8 17. Ng3 Qa5 18. c3 b5 19. Bb3 Bb7 20. Nf5 c5 21. Bd5
Bxd5 22. exd5 O-O-O 23. Rhe1 Kb7 24. a3 Qa4 25. b4 c4 26. Qd1 Qxd1 27. Raxd1 h5
28. Kg3 Nc7 29. Bxc7 Kxc7 30. Re2 Bd6+ 31. Kg2 Rde8 32. Rde1 Rxe2+ 33. Rxe2 Rg8
34. Re1 Bf4 35. Re2 Kd8 36. Re1 Bd2 37. Re7 Bxc3 38. d6 Bb2 39. Ne3 Bxd4 40.
Nd5 Rh8 41. Nc7 Be5 42. Nxb5 42... a6 {ural resigns} 0-1

[Event "ICS rated blitz match"]
[Site "204.178.125.65"]
[Date "1999.12.02"]
[Round "?"]
[White "Hossa"]
[Black "mompe"]
[Result "1/2-1/2"]
[WhiteElo "2487"]
[BlackElo "2081"]
[PlyCount "147"]
[EventDate "1999.??.??"]

1. e4 e6 2. d4 d5 3. e5 c5 4. c3 Nc6 5. Nf3 Bd7 6. Be2 f6 7. exf6 Nxf6 8. Ne5
Bd6 9. Nxd7 Qxd7 10. dxc5 Bxc5 11. O-O O-O 12. Be3 Bxe3 13. fxe3 e5 14. Bd3 e4
15. Be2 Ne5 16. Na3 a6 17. Qd2 b5 18. Rad1 Qc7 19. Rxf6 gxf6 20. Qxd5+ Kh8 21.
Qxe4 Rad8 22. Qf4 Rxd1+ 23. Bxd1 Qd6 24. Qd4 Rd8 25. Bc2 Nc6 26. Qe4 Qd7 27.
Qf3 Qe6 28. Bb3 Qd6 29. e4 Ne5 30. Qf4 Nd3 31. Qxd6 Rxd6 32. c4 b4 33. Nc2 a5
34. Ne3 Nxb2 35. Kf1 a4 36. Bc2 Rc6 37. Ke2 Nxc4 38. Bxa4 Rc8 39. Nd5 Kg7 40.
Nxb4 Ne5 41. Bb3 Rb8 42. Nd3 Nxd3 43. Kxd3 Kf8 44. Kc3 Ke7 45. a4 Kd6 46. a5
Kc5 47. a6 Kb6 48. Bc4 Rd8 49. g4 Re8 50. Kd3 Re5 51. h3 Ra5 52. Kd4 Ra4 53. h4
h6 54. Kc3 Ra3+ 55. Kd4 Rg3 56. Be2 Rh3 57. h5 Ra3 58. Bd3 Ra4+ 59. Ke3 Kc5 60.
Be2 Kd6 61. Bb5 Ra5 62. Bd3 Ke5 63. Bc4 Ra3+ 64. Bd3 Rb3 65. Kd2 Kd4 66. Bf1
Kxe4 67. Bg2+ Kf4 68. a7 Ra3 69. a8=Q Rxa8 70. Bxa8 Kxg4 71. Ke3 Kxh5 72. Kf4
Kh4 73. Kf5 Kg3 74. Bd5 {
mompe ran out of time and Hossa has no material to mate} 1/2-1/2

[Event "ICS rated blitz match"]
[Site "204.178.125.65"]
[Date "1999.12.02"]
[Round "?"]
[White "Hossa"]
[Black "thutters"]
[Result "1-0"]
[WhiteElo "2474"]
[BlackElo "2321"]
[PlyCount "93"]
[EventDate "1999.??.??"]

1. e4 c5 2. c3 e6 3. d4 d5 4. exd5 Qxd5 5. Nf3 Nf6 6. Be3 cxd4 7. cxd4 Be7 8.
Nc3 Qd6 9. Nb5 Qd8 10. Bd3 O-O 11. O-O Nd5 12. Qc2 g6 13. Bh6 Re8 14. Rac1 Nc6
15. Qd2 Bf6 16. Be4 a6 17. Nc3 Nce7 18. Rfe1 Bd7 19. Nxd5 Nxd5 20. Ne5 Rc8 21.
a3 Bb5 22. Rxc8 Qxc8 23. Qd1 Bg7 24. Bxg7 Kxg7 25. Qf3 f6 26. Nd3 Bc6 27. Nb4
Nxb4 28. axb4 Bxe4 29. Qxe4 Qc6 30. d5 Qd6 31. dxe6 Re7 32. g4 Qc6 33. Qxc6
bxc6 34. Kg2 f5 35. g5 Kf8 36. Kf1 Rb7 37. Rc1 Rb6 38. f3 Ke7 39. Rc4 Kxe6 40.
Kf2 Kd5 41. b3 a5 42. Rc5+ Kd6 43. Rxa5 Rxb4 44. Ra3 Re4 45. fxe4 fxe4 46. Ke3
c5 47. Kxe4 {thutters resigns} 1-0

[Event "ICS rated blitz match"]
[Site "204.178.125.65"]
[Date "1999.12.02"]
[Round "?"]
[White "RedBear"]
[Black "Hossa"]
[Result "0-1"]
[WhiteElo "2546"]
[BlackElo "2483"]
[Annotator "regina"]
[PlyCount "106"]
[EventDate "1999.??.??"]

1. e4 e5 2. Nf3 Nc6 3. Bc4 Bc5 4. c3 Nf6 5. d3 d6 6. b4 Bb6 7. a4 a6 8. O-O
8... Be6 $146 ({RR} 8... Qe7 9. Ba3 O-O 10. Nbd2 Bg4 11. Bb3 Nd7 12. Nc4 Ba7
13. b5 axb5 14. axb5 Nd8 15. Bxd6 cxd6 16. b6 Nc6 17. bxa7 Nxa7 18. Ne3 Be6 19.
Nd5 Bxd5 20. Bxd5 Nc6 21. Nd2 Nf6 22. Qb3 g6 23. Rfb1 {
Loemker,A-Sicars,T/NRW-I 1991/TD 91\01/1/2-1/2 (49)}) ({RR} 8... Ne7 9. Re1 O-O
10. Nbd2 Ng6 11. d4 Be6 12. Bf1 Re8 13. h3 c6 14. Bb2 Qe7 15. c4 exd4 16. Nxd4
Qd8 17. Qc2 Nf4 18. N2f3 N6h5 19. Qd2 Qd7 20. Kh2 Ng6 21. Rad1 Rad8 22. g3 Ne5
23. Qc3 {Yudasin,L-Polgar,S/Rishon le Zion 1996/TUR 96/1-0 (36)}) ({RR} 8... h6
9. Na3 Ne7 10. Qb3 O-O 11. Nc2 Bg4 12. a5 Ba7 13. Be3 Bxf3 14. gxf3 Nh5 15. d4
Ng6 16. Ne1 Nhf4 17. Kh1 Qh4 18. Rg1 Qh5 19. Qd1 Rad8 20. Bf1 c6 21. Nd3 Nxd3
22. Bxd3 Bb8 23. d5 {Wozny,M-Domotor,J/Zalakaros op 1991/TD 91\05/0-1 (53)}) ({
RR} 8... Bg4 9. Nbd2 O-O 10. Bb2 Qe7 11. Bb3 Kh8 12. Nc4 Ba7 13. Ne3 Bxe3 14.
fxe3 Nd7 15. Qe1 f6 16. Qg3 Be6 17. Bc2 g6 18. d4 Bg8 19. Nh4 Qg7 20. Qg4 Rae8
21. Rf3 Be6 22. Qg3 Nd8 23. Bd3 {
Spiekermann,S-Hagemann,S/NRW-I 1993/TD 93\01/1/2-1/2 (40)}) 9. Na3 O-O 10. Bxe6
fxe6 11. Nc4 Ba7 12. Be3 Qe7 13. b5 Nb8 14. Rb1 axb5 15. Rxb5 b6 16. h3 Nc6 17.
Nfd2 d5 18. exd5 exd5 19. Nb2 Na5 20. Qc2 c6 21. Rb4 Nd7 22. Nf3 Qd6 23. Rg4
Bb8 24. c4 Bc7 25. cxd5 cxd5 26. Rc1 Rac8 27. Bd2 Nb7 28. Bb4 Nbc5 29. Qd2 Qe6
30. Qg5 Rf7 31. Bxc5 Nxc5 32. Qh5 Rf6 33. Qh4 Rff8 34. Rc3 Bb8 35. Kf1 Bd6 36.
Qg5 Qf7 37. Qh6 Ne6 38. Nd1 Bc5 39. Qh4 Qe8 40. Qh6 Rf4 41. Qh4 Qxa4 42. Ke2
Qa2+ 43. Nd2 Rcf8 44. f3 Bb4 45. Ke1 d4 46. Kf1 Qxd2 47. Qe1 Qxe1+ 48. Kxe1
dxc3 49. Nxc3 Bxc3+ 50. Kd1 Nd4 51. Rxf4 exf4 52. g4 Ra8 53. g5 53... Ra1# {
RedBear checkmated} 0-1

[Event "ICS rated blitz match"]
[Site "204.178.125.65"]
[Date "1999.12.03"]
[Round "?"]
[White "PostModernist"]
[Black "Hossa"]
[Result "0-1"]
[WhiteElo "2581"]
[BlackElo "2500"]
[Annotator "Hiarcs 7.32 (13s)"]
[PlyCount "138"]
[EventDate "1999.??.??"]

1. d4 1... d5 {Opening = 6.0-0 --} 2. c4 dxc4 3. Nf3 Nf6 4. e3 a6 5. Bxc4 e6 6.
O-O 6... Bd6 $146 (6... Nbd7 7. Qe2 (7. a4 Bd6 8. b3 Qe7 9. Nbd2 e5 10. e4 O-O
11. Re1 c5 12. d5 b6 13. Nf1 Ne8 14. Ng3 g6 15. Bh6 Ng7 16. Ng5 Nf6 17. h3 Kh8
18. Nf3 Ng8 19. Bg5 f6 20. Bd2 Qb7 21. Qc2 21... Bd7 {
Ginting,N-Wohl,A/Genting zt 1995/EXP 47/1/2-1/2 (64)}) 7... b5 8. Bb3 Bb7 9.
Rd1 Bd6 10. a4 O-O 11. Nbd2 Ne4 12. Nxe4 Bxe4 13. h3 Nb6 14. Nd2 Bb7 15. axb5
axb5 16. Rxa8 Qxa8 17. e4 Rd8 18. Bc2 Bf4 19. Nf3 Bxc1 20. Rxc1 Nc4 21. Bd3 {
Zvjaginsev,V-Fridman,D/URS-chJ Alma-Ata 1991/TD 91\03/1/2-1/2 (42)}) (6... Be7
7. Bd3 O-O 8. e4 c5 9. e5 Nfd7 10. Nbd2 Nc6 11. Nb3 Nxd4 12. Nfxd4 cxd4 13. Bf4
Qb6 14. Rc1 Rd8 15. Rc4 Nf8 16. Bd2 a5 17. Qe1 Rd5 18. Bxa5 Qa7 19. a3 b6 20.
Qc1 bxa5 21. Rc7 Qb8 22. Rxe7 Qxe5 23. Rc7 Ba6 24. Re1 Qd6 25. Rc6 Qb8 26. Bxa6
Rh5 27. g3 Qxb3 28. Bc4 Qb8 29. Be2 Rf5 30. Qd2 Qd8 31. Bd3 Rd5 32. Rec1 Rb8
33. Rc7 Nd7 34. Be4 Rd6 35. Qxa5 d3 36. Qd2 Nf6 37. Bf3 e5 38. b4 e4 39. Bd1
Rd7 40. R7c4 Re7 41. a4 h5 42. a5 h4 43. Qf4 hxg3 44. hxg3 Nd5 45. Qg4 Re8 46.
Rxe4 {1/2-1/2 Schulz,K-Hogenacker,J/BL2-W 1996/BL2 (46)}) 7. Nc3 b5 8. Bd3 Bb7
9. a3 O-O 10. e4 Be7 11. Qc2 h6 12. e5 Nfd7 13. Bh7+ Kh8 14. Be4 Qc8 15. Be3
Bxe4 16. Qxe4 Nb6 17. a4 bxa4 18. Nxa4 Nd5 19. Rfc1 c6 20. Bd2 Qb7 21. Qg4 Qb3
22. Nc3 Qxb2 23. Rab1 Qa3 24. Nxd5 exd5 25. Rc3 Qa4 26. e6 c5 27. exf7 Qa2 28.
Rb7 Nc6 29. dxc5 d4 30. Rcb3 Rxf7 31. Qe4 Rf6 32. R3b6 Re6 33. Qf5 Rf8 34. Qg4
Re2 35. Qg6 Rxd2 36. h3 Rd1+ 37. Kh2 Qxf2 38. Qxc6 Qe3 39. Rb8 Qf4+ 40. g3 Qe3
41. Rb2 Rxb8 42. Rxb8+ Kh7 43. Rb2 Rc1 44. Qd5 Rxc5 45. Qb7 Rf5 46. Ng1 d3 47.
Qg2 Bd6 48. h4 d2 49. Rxd2 Bxg3+ 50. Qxg3 Qxd2+ 51. Kh3 Qf2 52. Qxf2 Rxf2 53.
Kg3 Rf5 54. Kg4 g6 55. Nf3 h5+ 56. Kg3 g5 57. Nxg5+ Rxg5+ 58. hxg5 a5 59. Kf4
Kg6 60. Ke3 h4 61. Kf4 a4 62. Kg4 a3 63. Kxh4 a2 64. Kg3 a1=Q 65. Kf3 Qe1 66.
Kf4 Qe2 67. Kg3 Kxg5 68. Kh3 68... Kf4 $1 {huebsch} 69. Kh4 Qh2# 0-1

[Event "ICS rated blitz match"]
[Site "204.178.125.65"]
[Date "1999.12.03"]
[Round "?"]
[White "Hossa"]
[Black "robbok1"]
[Result "1-0"]
[WhiteElo "2520"]
[BlackElo "2411"]
[PlyCount "83"]
[EventDate "1999.??.??"]

1. e4 c5 2. c3 Nf6 3. e5 Nd5 4. d4 cxd4 5. cxd4 d6 6. Nf3 Nc6 7. exd6 Qxd6 8.
Bc4 Be6 9. O-O Ne3 10. fxe3 Bxc4 11. Rf2 e5 12. b3 Be6 13. Ba3 Qd7 14. Bxf8
Rxf8 15. Nbd2 exd4 16. Nxd4 Nxd4 17. exd4 Qxd4 18. Rc1 Rd8 19. Qe1 Ke7 20. Nf3
Qb6 21. Qe5 f6 22. Qg3 g6 23. Qh4 h5 24. Ne5 Bf5 25. Re1 g5 26. Nc4+ Be6 27.
Qh3 g4 28. Qxh5 Qa6 29. Rfe2 f5 30. Qg5+ Rf6 31. Rxe6+ Qxe6 32. Rxe6+ Kxe6 33.
Qe3+ Kd7 34. Qxa7 Kc7 35. Qc5+ Kd7 36. Nb6+ Ke8 37. Qe5+ Kf7 38. Nd5 Rfd6 39.
Qe7+ Kg6 40. Nf4+ Kh6 41. Qh4+ Kg7 42. Ne6+ {robbok1 resigns} 1-0

[Event "ICS rated blitz match"]
[Site "204.178.125.65"]
[Date "1999.12.03"]
[Round "?"]
[White "robbok1"]
[Black "Hossa"]
[Result "1-0"]
[WhiteElo "2400"]
[BlackElo "2531"]
[PlyCount "183"]
[EventDate "1999.??.??"]

1. e4 e5 2. Nf3 Nc6 3. d4 exd4 4. Nxd4 Bc5 5. Nb3 Bb6 6. a4 Qh4 7. Qe2 Nf6 8.
a5 Nd4 9. Nxd4 Bxd4 10. Ra4 c5 11. c3 Be5 12. g3 Qg4 13. f4 Qxe2+ 14. Bxe2 Bb8
15. e5 Nd5 16. Bf3 Ne7 17. a6 Nc6 18. Be3 b6 19. Nd2 O-O 20. O-O Re8 21. Bd5
Bc7 22. Ne4 Rb8 23. Ng5 Re7 24. Rd1 Ra8 25. b3 Rb8 26. Ra2 h6 27. Ne4 Re8 28.
g4 Re7 29. g5 hxg5 30. Nxg5 Nd8 31. Bc4 Re8 32. Ne4 Ne6 33. Rg2 Kh8 34. Bb5 Nf8
35. Kf2 Re7 36. Kf3 Ng6 37. Rg5 Nf8 38. Bc4 g6 39. Rg3 Kg7 40. Nf6 Bd8 41. Ne4
Bc7 42. Rd2 Nh7 43. Rg1 Re8 44. Rgd1 Re7 45. Bf2 Re8 46. Rxd7 Bxd7 47. Rxd7
Rbc8 48. Rxf7+ Kh8 49. Be3 Rf8 50. Rd7 Bxe5 51. Rxa7 Bb8 52. Rb7 g5 53. Rxb6
Bxf4 54. Ke2 Rce8 55. Re6 Rxe6 56. Bxe6 Re8 57. a7 Bxe3 58. Kxe3 Ra8 59. Nxc5
Rxa7 60. b4 Ra1 61. c4 Nf8 62. Bg4 Nh7 63. b5 Nf6 64. Bf5 Rf1 65. Bc8 Rc1 66.
Kd4 g4 67. b6 Rb1 68. b7 Ne8 69. Ke5 g3 70. hxg3 Nc7 71. Kd6 Ne8+ 72. Kc6 Nf6
73. Bf5 Rb4 74. Na4 Rxb7 75. Kxb7 Nh5 76. g4 Nf6 77. c5 Nd5 78. c6 Kg7 79. Nb6
Nf6 80. Bd7 Ne4 81. c7 Kf6 82. Kc6 Ke5 83. c8=Q Kd4 84. Bf5 Nc5 85. Qh8+ Ke3
86. Nd5+ Kf2 87. Qh2+ Kf3 88. Qf4+ Ke2 89. Qe3+ Kf1 90. Nf4 Ne4 91. Qe2+ Kg1
92. Qg2# {Hossa checkmated} 1-0

[Event "ICS rated blitz match"]
[Site "204.178.125.65"]
[Date "1999.12.03"]
[Round "?"]
[White "Hossa"]
[Black "brutus"]
[Result "1-0"]
[WhiteElo "2509"]
[BlackElo "2095"]
[Annotator "Hiarcs 7.32 (13s)"]
[PlyCount "73"]
[EventDate "1999.??.??"]

1. e4 1... e6 {Opening = 8.0-0} 2. d4 d5 3. e5 Bd7 4. Nf3 c5 5. c3 Qb6 6. Be2
cxd4 7. cxd4 Bb5 8. O-O Bxe2 9. Qxe2 Nc6 (9... Qa6 10. Qxa6 Nxa6 11. a3 Ne7 12.
Nc3 Nc6 13. b4 Nc7 14. Bd2 a6 15. Rfc1 Be7 16. Kf1 O-O 17. Ke2 f6 18. Be3 Nb5
19. exf6 gxf6 20. Kf1 Kf7 21. Na4 a5 22. Nc5 axb4 23. axb4 Rxa1 24. Rxa1 {
Campora,D-Hodgson,J/Dos Hermanas 1992/[Knaak]/0-1 (51)}) 10. Be3 Nge7 11. Nc3
11... a6 $146 {Kontrolliert b5} (11... Nf5 12. Qd2 (12. Qd3 Be7 13. Nxd5 exd5
14. Qxf5 O-O 15. b3 Rad8 16. Rfd1 Kh8 17. Bg5 f6 18. exf6 Bxf6 19. Qg4 Rde8 20.
Bxf6 Rxf6 21. Qh5 Ref8 22. Qxd5 Ne7 23. Qc5 Qd8 24. Re1 Nd5 25. Rad1 Nf4 26.
Qe7 26... Qd5 {Remizov,J-Khmelnitsky,S/St.Petersburg op 1994/EXP 43/1-0 (40)})
(12. Rad1 Be7 13. Na4 Qa5 14. b3 Nxe3 15. fxe3 b5 16. Nb2 O-O 17. Nd3 f5 18.
exf6 Bxf6 19. Nc5 Rae8 20. Nd7 Rf7 21. Nxf6+ Rxf6 22. Rc1 e5 23. Ng5 Qd8 24.
Qh5 Rxf1+ 25. Rxf1 h6 26. Qg6 hxg5 27. Qf7+ Kh7 28. Rf3 Re6 29. Qxe6 g4 30.
Qxg4 Qe8 31. Rh3+ Kg8 32. Qh5 Qe7 33. Qh7+ Kf8 34. Rf3+ Ke8 35. Qg6+ {
1-0 Riesterer,H-Zoellner,G/Badenweiler op 1985/GER 04 (35)}) (12. Rfd1) 12...
Be7 13. Rab1 h6 14. g4 Nh4 15. Nxh4 Bxh4 16. f4 f6 17. Qd3 O-O-O 18. Na4 Qb4
19. Nc5 fxe5 20. fxe5 Rde8 21. Rf7 Re7 22. Rxe7 Bxe7 23. Nxe6 Nxe5 24. Qf5 Nc4
25. Bf4 Nd6 26. Bxd6 {Pinter,P-Belan,J/SVK-ch 1993/TD 93\10/1/2-1/2 (69)}) 12.
Rac1 12... Nf5 {Wird d4 fallen?} 13. Qc2 Rd8 14. Rfd1 Be7 15. Qd2 O-O 16. Rc2
Rc8 17. Rdc1 Qa7 18. a3 {Ueberdeckt b4} 18... Rc7 19. Qd3 Nh4 20. Nxh4 Bxh4 21.
Qd1 Rfc8 22. Qh5 Be7 23. Ne2 b5 24. Qg4 Na5 25. Bh6 {Es droht Matt} 25... g6
26. Rxc7 {Droht Matt: Rxc8} 26... Rxc7 27. Qg3 $15 (27. Qf4 $5 $11) 27... Rxc1+
28. Bxc1 Qc7 29. f4 $2 $19 (29. Kf1 $15 $142 {
damit waere Weiss im Spiel geblieben}) 29... Qc2 30. Kf1 Nc4 (30... Nb3 31. Qe3
$19) 31. Qc3 Qxc3 32. Nxc3 Kf8 (32... f5 33. Ke2 $15) 33. g4 33... Kg7 $11 (
33... f5 $5 34. exf6 34... Bxf6 $15) 34. Ke2 $15 (34. f5 34... Kg8 $11) 34...
h5 $11 (34... f5 35. exf6+ Kxf6 36. Kd3 $15) 35. gxh5 gxh5 36. f5 36... b4 $4
$18 (36... Bf8 $11 $142 {ist gerade noch spielbar}) 37. f6+ (37. f6+ Bxf6 38.
exf6+ Kxf6 39. axb4 $18) 1-0

[Event "ICS rated blitz match"]
[Site "204.178.125.65"]
[Date "1999.12.03"]
[Round "?"]
[White "brutus"]
[Black "Hossa"]
[Result "0-1"]
[WhiteElo "2092"]
[BlackElo "2512"]
[Annotator "Hiarcs 7.32 (13s)"]
[PlyCount "46"]
[EventDate "1999.??.??"]

1. e4 1... e5 {Opening = 6.... Bc5} 2. Nf3 Nc6 3. Bb5 a6 4. Ba4 Nf6 5. d3 b5 6.
Bb3 Bc5 7. Bg5 (7. a4 Rb8 8. axb5 axb5 9. Nc3 d6 10. Be3 O-O 11. O-O Bxe3 12.
fxe3 12... Be6 {1/2-1/2 Kengis,E-Tkachiev,V/Vienna op 1996/EXP 53 (12)}) 7...
d6 $146 (7... h6 8. Bh4 O-O 9. O-O Re8 10. Nc3 Bb7 11. Nd5 Be7 12. Nxe7+ Qxe7
13. a3 Qd6 14. h3 Ne7 15. Qd2 Ng6 16. Rad1 Nxh4 17. Nxh4 Qc5 18. Kh1 d5 19.
exd5 Nxd5 20. d4 exd4 21. Qxd4 Qxd4 22. Rxd4 Nf6 23. Rfd1 c5 24. R4d2 c4 25.
Ba2 Ne4 26. f3 {
0-1 Marmono,R-Shukuralieva,N/WchJW-U14 Bratislava 1993/TD 93\05 (26)}) 8. Nc3
8... Bb7 $16 (8... h6 9. Bxf6 Qxf6 10. Nd5 $11) 9. Nd5 h6 10. Nxf6+ $14 (10.
Bxf6 gxf6 11. c3 11... Na5 $16) 10... gxf6 11. Bh4 Qe7 12. Qd2 O-O-O 13. c3 {
Deckt b4} 13... Rdg8 14. g3 Na5 15. O-O 15... Rg6 $14 (15... Nxb3 $5 16. axb3
16... Qe6 $11) 16. Kh1 $11 (16. Bd1 $5 {ist zu ueberlegen} 16... Bb6 17. b4 $14
) 16... Rhg8 (16... Qd7 17. Bd5 $15) 17. Ne1 $15 (17. Bd1 $5 {
steht zur Diskussion} 17... Bb6 18. b4 $14) 17... Nxb3 18. axb3 Qe6 19. b4
19... Qh3 {Mit der Mattdrohung Qxf1} 20. Ng2 Bb6 21. Ne3 21... R8g7 $11 (21...
Bxe3 $5 {kam sehr in Betracht} 22. Qxe3 22... f5 $17) 22. b3 $15 (22. Nd5 $5 {
bedarf naeherer Analyse} 22... Qe6 23. c4 $14) 22... Ba7 $11 (22... Bxe3 $5
$142 {muss beachtet werden} 23. Qxe3 23... f5 $17) 23. Ra5 $4 $19 {
und der Gewinn ist perdu} (23. Nd5 $142 {ist die einzige Rettung} 23... Qe6 24.
f4 Qxd5 25. exd5 Bxd5+ 26. Qg2 Bxg2+ 27. Kxg2 $14) 23... Bxe3 (23... Bxe3 24.
Qe2 24... Bd2 $19) 0-1

[Event "ICS rated blitz match"]
[Site "204.178.125.65"]
[Date "1999.12.03"]
[Round "?"]
[White "Hossa"]
[Black "brutus"]
[Result "1-0"]
[WhiteElo "2515"]
[BlackElo "2089"]
[PlyCount "131"]
[EventDate "1999.??.??"]

1. e4 e6 2. d4 d5 3. e5 Bd7 4. Nf3 c5 5. c3 Qb6 6. Be2 cxd4 7. cxd4 Bb5 8. O-O
Bxe2 9. Qxe2 Nc6 10. Be3 Nge7 11. Nc3 a6 12. Rac1 Nf5 13. Qc2 Rd8 14. Rfd1 Be7
15. Qb3 Qxb3 16. axb3 h6 17. Ne2 Kd7 18. Bd2 Rc8 19. Kh1 Bb4 20. Rxc6 Rxc6 21.
Bxb4 Rb6 22. Ba3 Rxb3 23. Nc1 Rb6 24. g4 Ne7 25. Bxe7 Kxe7 26. Nd3 Rc8 27. Kg2
Rc2 28. Rd2 Rxd2 29. Nxd2 Kd7 30. Nb3 Kc6 31. Nbc5 Rb5 32. Kf3 Ra5 33. Nb3 Ra4
34. Ke3 b6 35. f4 a5 36. h4 Rc4 37. Nd2 Ra4 38. f5 Ra1 39. Nf3 a4 40. g5 a3 41.
bxa3 Rxa3 42. f6 gxf6 43. exf6 hxg5 44. Nfe5+ Kc7 45. hxg5 b5 46. g6 fxg6 47.
Nxg6 b4 48. f7 Ra8 49. Nxb4 Kd6 50. Nd3 e5 51. f8=Q+ Rxf8 52. dxe5+ Ke6 53.
Nxf8+ Kf7 54. e6+ Ke7 55. Nb4 Kxf8 56. Kd4 Ke8 57. Nc6 Kf8 58. Kxd5 Ke8 59. Kd6
Kf8 60. Ne5 Kg7 61. e7 Kf6 62. e8=Q Kf5 63. Qa8 Kf4 64. Qf3+ Kg5 65. Qg4+ Kf6
66. Qg6# {brutus checkmated} 1-0

[Event "ICS rated blitz match"]
[Site "204.178.125.65"]
[Date "1999.12.03"]
[Round "?"]
[White "brutus"]
[Black "Hossa"]
[Result "1/2-1/2"]
[WhiteElo "2086"]
[BlackElo "2518"]
[PlyCount "108"]
[EventDate "1999.??.??"]

1. e4 e5 2. Nf3 Nc6 3. Bb5 a6 4. Ba4 Nf6 5. d3 b5 6. Bb3 Bc5 7. Bg5 d6 8. Nc3
Na5 9. Nd5 Bg4 10. h3 Bh5 11. g4 Bg6 12. Qd2 Nxb3 13. axb3 h5 14. Nh4 hxg4 15.
Nxg6 fxg6 16. O-O-O gxh3 17. Rdg1 c6 18. Ne3 Qe7 19. Rg3 Qe6 20. Bxf6 Bxe3 21.
Qxe3 gxf6 22. Rxg6 d5 23. Rh6 Rxh6 24. Qxh6 O-O-O 25. Qxh3 Qxh3 26. Rxh3 dxe4
27. dxe4 Kc7 28. Rh7+ Kb6 29. Rf7 Rd6 30. b4 c5 31. bxc5+ Kxc5 32. c3 a5 33.
Kc2 Kc6 34. Ra7 Kb6 35. Rf7 a4 36. Rf8 Kb7 37. Rf7+ Kc6 38. Rf8 Kb6 39. Rb8+
Kc6 40. f3 Kc5 41. Rc8+ Kb6 42. Ra8 Kb7 43. Rf8 Kb6 44. Kb1 Kc7 45. Kc2 Kc6 46.
Rc8+ Kb7 47. Rf8 Kc7 48. Ra8 Kb7 49. Rf8 Kc7 50. Rf7+ Kb6 51. Rf8 Kb7 52. Rf7+
Ka6 53. Rf8 Kb7 54. Rf7+ 54... Ka6 {Game drawn by mutual agreement} 1/2-1/2